| 000 | 00401nam a2200133Ia 4500 | ||
|---|---|---|---|
| 005 | 20250516145653.0 | ||
| 008 | 250516s9999 xx 000 0 und d | ||
| 020 | _a9783035802894 | ||
| 082 |
_a778.53 _bBAR |
||
| 100 | _aBarber, Stephen | ||
| 245 | 0 | _aProjectionists: Eadweard Muybridge And The Future Projections Of The Moving Image | |
| 260 |
_bUniversity of Chicago Press _c2020 |
||
| 942 | _cENGLISH | ||
| 999 |
_c571191 _d571191 |
||